Rekonštrukcia historickej urbanistickej štruktúry

Bibliographic Details
Main Author: Alexy, Tibor, 1929-2018 (Author)
Format: Article
Language:Slovak
PhysicalDescription:Obr. 13. Fot. 11. Res. rus., angl., nem., lit. 5 zázn. v slov., češ.
Subjects:

MARC

LEADER 00000nab a2200000 a 4500
001 vtls000196086
003 SK-MaSNL
005 20260305022459.0
008 160204c1984 xo 0 slo
015 |a SNBRB19rr/mm-uuuuu 
035 |a CL0206199 
040 |a SNKBUCL  |b slo  |c SNKBUCL  |e AACR2 
041 0 |a slo 
044 |a xo  |c SK 
080 |a 711.523(437.6):719  |2 1981 
080 |a 719  |2 1981 
080 |a 719(437.6)  |2 1981 
100 1 |a Alexy, Tibor,  |d 1929-2018  |4 aut  |9 218382 
245 1 0 |a Rekonštrukcia historickej urbanistickej štruktúry  |c Tibor Alexy 
300 |b Obr. 13. Fot. 11. Res. rus., angl., nem., lit. 5 zázn. v slov., češ. 
650 0 7 |a mestá  |2 snkbucl  |9 2929 
650 0 7 |a jadrá historické  |2 snkbucl  |9 936897 
655 7 |a články z novín a časopisov  |2 snkbucl  |9 267496 
773 0 |t Architektúra a urbanizmus  |g Roč. 18, č. 2 (1984), s. 71-90 
850 |a Slovenská národná knižnica v Martine  |a MTA001 
852 |a SNK  |b KIS3GCP 
958 |a NB 
958 |a RK 
992 |a RBX 
999 |c 3291040  |d 3292970